logo

DICCIONARIO POLACO-ESPAÑOL ESPAÑOL-POLACO (Record no. 66534)

MARC details
000 -CABECERA
campo de control de longitud fija 00441nam a2200181Ia 4500
001 - NÚMERO DE CONTROL
campo de control 31202
005 - FECHA Y HORA DE LA ÚLTIMA TRANSACCIÓN
campo de control 20260407100238.0
008 - CÓDIGOS DE INFORMACIÓN DE LONGITUD FIJA
campo de control de longitud fija 260115s9999 xx 000 0 und d
010 ## - NÚMERO DE CONTROL DE LA BIBLIOTECA DEL CONGRESO
Número de control de LC 66534
035 ## - NÚMERO DE CONTROL DEL SISTEMA
Número de control de sistema 21125
090 ## - LOCALMENTE ASIGNADO TIPO-LC NÚMERO DE CLASIFICACIÓN (OCLC); NÚMERO DE CLASIFICACIÓN LOCAL (RLIN)
Número de clasificación (OCLC) (R) ; Numero de clasificación CALL (RLIN) (NR) 038(0162.19)
100 ## - PUNTO DE ACCESO PRINCIPAL - NOMBRE DE PERSONA
Nombre de persona DICCIONARIO
245 #0 - MENCIÓN DE TÍTULO
Título DICCIONARIO POLACO-ESPAÑOL ESPAÑOL-POLACO
260 ## - PUBLICACIÓN, DISTRIBUCIÓN, ETC. (PIE DE IMPRENTA)
Nombre del editor distribuidor etc. DON LIBRO
Fecha de publicación distribución etc. 1995
630 ## - PUNTO DE ACCESO ADICIONAL DE MATERIA--TÍTULO UNIFORME
Título uniforme TRADUCTOR ESPAÑOL-POLACO
650 ## - PUNTO DE ACCESO ADICIONAL DE MATERIA--TÉRMINO DE MATERIA
Término de materia o nombre geográfico como elemento inicial OBRAS GENERALES
942 ## - ELEMENTOS DE PUNTO DE ACCESO ADICIONAL (KOHA)
Tipo de ítem Koha Monografías
Holdings
Estado de retiro Estado de pérdida Estado dañado No para préstamo Código de colección Localización permanente Ubicación/localización actual Ubicación en estantería Fecha de adquisición Enumeración/cronología de publicación seriada Número de inventario Número de registro Total de préstamos Signatura topográfica completa Código de barras Fecha visto por última vez Número de copia Precio válido a partir de Tipo de ítem Koha Nota pública
          Servicio de Estudios Históricos Servicio de Estudios Históricos   01/07/2011 038(0162.19) 28014 28014   21125 FH_31202 05/02/2026 1 05/02/2026 Monografías 12X18 CM, 276 PG, DONADO MADRID 848851901X